| 000 | 00999nac a22002171u 4500 | ||
|---|---|---|---|
| 008 | 110908s2006 ua|||||r|||| 00| 0 ara d | ||
| 020 | _a977172987 | ||
| 082 |
_a177 _bع ي د _222 |
||
| 100 |
_aأبو العيد ، عاطف _927069 |
||
| 245 |
_aكيف تكسب حب الناس : _cعاطف أبو العيد _bفي أقل من دقيقة / |
||
| 260 |
_a[الإسكندرية] : _bدار الدعوة ، 2006 _c2006. |
||
| 300 |
_a170 p.; _c18 cm. _bill.; |
||
| 490 |
_927072 _a ؛ سلسلة الانفتاح والتأثير في الآخرين _n1 |
||
| 500 | _aArabic Books | ||
| 500 | _aDistributer : Al Magmoa Al Elmeya | ||
| 504 | _aIncludes bibliographical references and index. | ||
| 511 | _aCatalogued by: Sara | ||
| 650 |
_aالعلاقات الاجتماعية _923867 |
||
| 942 |
_cBB _k177 ع ي د _2ddc |
||
| 999 |
_c8997 _d8997 |
||